| 000 | 02134nam a22003497a 4500 | ||
|---|---|---|---|
| 003 | OSt | ||
| 005 | 20260420164101.0 | ||
| 008 | 260420t2023 xxu||||| |||| 00| 0 eng d | ||
| 020 | _a9783031327551 | ||
| 020 | _a9783031327544 | ||
| 040 |
_aUnicoc _bspa _c00001 _d00001 |
||
| 082 | _a617.6342 | ||
| 100 |
_913027 _aFayad, Mohamed I. |
||
| 245 |
_a3D Imaging in Endodontics _b: A New Era in Diagnosis and Treatment _c/ Mohamed I. Fayad, Bradford R. Johnson |
||
| 250 | _a1 Ed. | ||
| 260 |
_aSuiza : _bSpringer , _c2023 |
||
| 300 |
_a340 páginas _bIlustraciones, diagramas, tablas, gráficas |
||
| 500 | _aIncluye bibliografía | ||
| 505 |
_t1.Principles of Cone Beam Computed Tomography. – _t2.New Software for Endodontic Diagnosis and Treatment: The e-Vol DXS. -- _t3. Utilization of Cone Beam Computed Tomography in Endodontic Diagnosis. -- _t4. The Impact of Cone Beam Computed Tomography in Nonsurgical and Surgical Treatment Planning. -- _t5. Three-Dimensional Evaluation of Internal Tooth Anatomy. -- _t6. Non-surgical Retreatment Utilizing Cone Beam Computed Tomography. -- _t7. Surgical Treatment Utilizing Cone Beam Computed Tomography. -- _t8. The Use of Cone Beam Computed Tomography in Piezosurgery and Static Navigation (PRESS). -- _t9.The Use of Cone Beam Computed Tomography in Dynamic Navigation. -- _t10. Utilization of Cone Beam Computed Tomography in Diagnosis and Treatment of Traumatic Injuries. -- _t11. Root Resorption. |
||
| 526 | _5Unicoc | ||
| 546 | _aInglés | ||
| 650 | 0 |
_911097 _aOdontología digital |
|
| 650 | 0 |
_912998 _aEndodoncia digital |
|
| 650 | 0 |
_9747 _aTecnología dental |
|
| 650 | 0 |
_980 _aEndodoncia _xHerramientas tecnológicas |
|
| 650 | 0 |
_9506 _aTratamiento endodóncico _xHerramientas tecnológicas |
|
| 650 | 0 |
_913010 _aTomografía computarizada _xCBCT |
|
| 658 | 0 |
_98071 _aEspecialización en Endodoncia |
|
| 700 |
_913028 _aJohnson, Bradford R. |
||
| 856 |
_yAcceso online exclusivo para comunidad Unicoc. _uhttps://unicoceduco-my.sharepoint.com/:b:/g/personal/direccionbiblioteca_unicoc_edu_co/IQAPX7XQpdJgR6f0YTmvXODiAbtkWzhI4HEN9DXFMpgzrIE?e=ZzOeXo |
||
| 942 |
_2ddc _cEBOOK |
||
| 999 |
_c10873 _d10873 |
||